| 000 | 00440cam a22001451 4500 | ||
|---|---|---|---|
| 082 | 0 | 0 |
_a624.1 _bROS |
| 100 | 1 |
_aRosenthal, Hans Werner. _942328 |
|
| 245 | 1 | 0 |
_aStructural decisions _c[by] H. Werner Rosenthal. |
| 260 |
_aLondon, _bChapman & Hall, _c1962. |
||
| 300 |
_axxi, 417 p. _billus. _c26 cm. |
||
| 526 |
_a0 _b0 _c0 _d624_100000000000000_ROS |
||
| 650 | 0 |
_aMCE _9379 |
|
| 650 | 0 |
_aStructural analysis (Engineering) _9654 |
|
| 942 |
_2ddc _cBK |
||
| 999 |
_c546237 _d546237 |
||